Corrientes didácticas contemporáneas

Este libro reúne seis artículos que presentan una síntesis de la participación de las autoras en el Seminario Corrientes Contemporáneas de la Didáctica, de la Maestría de Didáctica de la Facultad de Filosofía y Letras de la Universidad de Buenos Aires.

Gespeichert in:
Bibliographische Detailangaben
Weitere Verfasser: Camilloni, Alicia W. de
Format: Buch
Sprache:Spanish
Veröffentlicht: Buenos Aires: Editorial Paidós, 1996
Schriftenreihe:Biblioteca cuestiones de educación; No. 13
Schlagworte:
Online Zugang:Enlace del recurso
Tags: Tag hinzufügen
Keine Tags, Fügen Sie den ersten Tag hinzu!

MARC

LEADER 00000nam a2200000 a 4500
001 001338
008 030808s1996 ag # fr# #000|0#spa#d
020 |a 950-12-6113-1 
041 0 |a spa 
043 |a s-ag--- 
082 0 4 |a 370.8  |b C566c 
245 0 0 |a Corrientes didácticas contemporáneas   |c Alicia W. de Camilloni ... [et al.] 
260 |a Buenos Aires:  |b Editorial Paidós,  |c 1996 
300 |a 167 p. 
440 0 |a Biblioteca cuestiones de educación;  |v No. 13 
504 |a Incluye bibliografía al final de cada artículo. 
520 3 |a Este libro reúne seis artículos que presentan una síntesis de la participación de las autoras en el Seminario Corrientes Contemporáneas de la Didáctica, de la Maestría de Didáctica de la Facultad de Filosofía y Letras de la Universidad de Buenos Aires. 
650 1 4 |a PEDAGOGÍA 
650 1 4 |a EDUCACIÓN 
700 1 |a Camilloni, Alicia W. de 
999 |c 3490  |d 3490 
856 |u https://catalogo.idep.edu.co/cgi-bin/koha/opac-detail.pl?biblionumber=3490  |z Enlace del recurso